Technologická paleta

Vysvetlenie pojmu materiálový tok v obehu, jeho procesy a úrovne. Systémy materiálového toku. Palety ako základný prvok materiálových tokov. Operačná a medzioperačná manipulácia s výrobkami. Medzioperačná doprava, manipulácia a skladovanie. Využitie technologických paliet.

Na minha lista:
Detalhes bibliográficos
Autor principal: Marek, J.
Outros Autores: Kadlec, Zdeněk
Formato: Capítulo de Livro
Idioma:tcheco
Assuntos:
Tags: Adicionar Tag
Sem tags, seja o primeiro a adicionar uma tag!

MARC

LEADER 00000naa a2200000 4500
001 r021631
005 20230922085842.3
041 0 |a cze 
044 |a CZ 
245 1 0 |a Technologická paleta  |c J. Marek, Zdeněk Kadlec 
520 |a Vysvetlenie pojmu materiálový tok v obehu, jeho procesy a úrovne. Systémy materiálového toku. Palety ako základný prvok materiálových tokov. Operačná a medzioperačná manipulácia s výrobkami. Medzioperačná doprava, manipulácia a skladovanie. Využitie technologických paliet. 
610 2 0 |a logistika 
610 2 0 |a palety 
610 2 0 |a tok materiálu 
610 2 0 |a manipulácia s materiálom 
610 2 0 |a doprava 
610 2 0 |a skladovanie 
610 2 0 |a paletizácia 
100 1 |a Marek, J. 
700 1 |a Kadlec, Zdeněk